[Event "28. Offene Internationale Bayerische Schachmeisterschaft"]
[Site "Gmund am Tegernsee"]
[Date "2025.11.01"]
[Round "1"]
[Board "1"]
[White "Jacobson, Brandon"]
[Black "Schatz, Christian"]
[Result "1-0"]
[WhiteElo "2599"]
[BlackElo "2127"]
[PlyCount "0"]
[EventDate "2025.11.01"]
[EventRounds "9"]
[EventCountry "GER"]

1. d4 Nf6 2. c4 e6 3. Nf3 d5 4. g3 Be7 5. Bg2 O-O 6. O-O dxc4 7. Qc2 a6 8. a4 Nbd7
9. Nbd2 c5 10. Nxc4 cxd4 11. Nxd4 Nb6 12. Nxb6 Qxb6 13. Rd1 Bd7 14. a5 Qb4 15. Qc7
Rab8 16. Bf4 b6 17. Qc3 bxa5 18. Bxb8 Rxb8 19. Bc6 Bc8 20. Rxa5 Qxb2 21. Qxb2 Rxb2
22. Bf3 Bb4 23. Rc1 Bd7 24. Rxa6 g5 25. Bc6 Bd2 26. Rc2 Rxc2 27. Nxc2 Bxc6 28. Rxc6
Kg7 29. Nd4 Kg6 30. Nf3 Ba5 31. Rc5  1-0

[Event "28. Offene Internationale Bayerische Schachmeisterschaft"]
[Site "Gmund am Tegernsee"]
[Date "2025.11.01"]
[Round "1"]
[Board "2"]
[White "Aumueller, Naum"]
[Black "Gumularz, Szymon"]
[Result "0-1"]
[WhiteElo "2120"]
[BlackElo "2584"]
[PlyCount "0"]
[EventDate "2025.11.01"]
[EventRounds "9"]
[EventCountry "GER"]

1. e4 g6 2. d4 Bg7 3. Nc3 c6 4. Bc4 b5 5. Bb3 a5 6. a3 d6 7. Nf3 Nf6 8. O-O O-O 9.
Re1 Bg4 10. h3 Bxf3 11. Qxf3 Nfd7 12. Be3 Na6 13. Rad1 Nb6 14. d5 a4 15. Ba2 b4 16.
axb4 Nxb4 17. dxc6 Bxc3 18. bxc3 Nxa2 19. Bh6 Re8 20. Ra1 Qc7 21. Rxa2 Qxc6 22. Rea1
Rec8 23. Qe3 Nc4 24. Qd4 f6 25. Kh2 a3 26. f4 Ra5 27. f5 Ra4 28. fxg6 hxg6 29. Qd3
Ne5 30. Qg3 Qxc3 31. Rxa3 Qxg3+ 32. Kxg3 Rxa3+ 33. Rxa3 g5 34. h4 Nf7 35. Ra1  0-1

[Event "28. Offene Internationale Bayerische Schachmeisterschaft"]
[Site "Gmund am Tegernsee"]
[Date "2025.11.01"]
[Round "1"]
[Board "3"]
[White "Engel, Luis"]
[Black "Kaiser, Elmar"]
[Result "1-0"]
[WhiteElo "2567"]
[BlackElo "2116"]
[PlyCount "0"]
[EventDate "2025.11.01"]
[EventRounds "9"]
[EventCountry "GER"]

1. e4 e6 2. d4 d5 3. Nc3 Bb4 4. e5 c5 5. a3 cxd4 6. axb4 dxc3 7. Qg4 Qe7 8. bxc3
f5 9. Qg3 Qc7 10. Bd2 Ne7 11. Nf3 O-O 12. Bd3 Nd7 13. O-O Nb6 14. h4 Kh8 15. h5 Bd7
16. h6 g6 17. Qh4 Ng8 18. Be3 Na4 19. Ng5 f4 20. Bxf4 Nxc3 21. Rfe1 b6 22. Bd2 Rae8
23. Nxh7 Kxh7 24. Bxg6+ Kh8 25. Bxe8 Bxe8 26. Bxc3 Qxc3 27. h7  1-0

[Event "28. Offene Internationale Bayerische Schachmeisterschaft"]
[Site "Gmund am Tegernsee"]
[Date "2025.11.01"]
[Round "1"]
[Board "4"]
[White "Sieglen, Joachim"]
[Black "Abdisalimov, Abdimalik"]
[Result "0-1"]
[WhiteElo "2115"]
[BlackElo "2553"]
[PlyCount "0"]
[EventDate "2025.11.01"]
[EventRounds "9"]
[EventCountry "GER"]

1. d4 Nf6 2. c4 e6 3. Nc3 Bb4 4. e3 O-O 5. Bd3 d5 6. Nf3 dxc4 7. Bxc4 c5 8. O-O cxd4
9. exd4 b6 10. Bg5 Bb7 11. Rc1 Bxc3 12. Rxc3 Nbd7 13. Qe2 Qb8 14. Bb5 Qd6 15. Bxd7
Nxd7 16. Rfc1 h6 17. Bh4 Bxf3 18. Qxf3 Qxd4 19. Be7 Rfe8 20. Rd1 Ne5 21. Qe2 Qa4
22. Rdc1 Rxe7 23. Qxe5 Rd8 24. h3 f6 25. Qg3 Qxa2 26. Rc7 Qxb2 27. Rxe7 Qxc1+ 28.
Kh2 Qg5 29. Qc7 Rd2  0-1

[Event "28. Offene Internationale Bayerische Schachmeisterschaft"]
[Site "Gmund am Tegernsee"]
[Date "2025.11.01"]
[Round "1"]
[Board "5"]
[White "Costa, Leonardo"]
[Black "Zimmermann, Luc"]
[Result "1/2-1/2"]
[WhiteElo "2546"]
[BlackElo "2113"]
[PlyCount "0"]
[EventDate "2025.11.01"]
[EventRounds "9"]
[EventCountry "GER"]

1. d4 Nf6 2. c4 g6 3. Nc3 d5 4. Nf3 Bg7 5. Qb3 dxc4 6. Qxc4 O-O 7. e4 Nc6 8. Be2
Bg4 9. d5 Na5 10. Qa4 Bxf3 11. gxf3 c6 12. dxc6 Nxc6 13. f4 Nd4 14. Be3 Nxe2 15.
Kxe2 e5 16. Rad1 Qc8 17. fxe5 Qg4+ 18. Kd3 Nh5 19. Kc2 Bxe5 20. Bd4 Rfe8 21. Bxe5
Rxe5 22. Qd7 Qf3 23. Qxb7 Ree8 24. Rhe1 Qxf2+ 25. Re2 Qf3 26. Rd3 Qf1 27. Rd1 Qf3
28. Rdd2 Reb8 29. Qe7 Re8 30. Qg5 Rac8 31. Qe3 Qxe3 32. Rxe3 Nf6 33. Kb3 Ng4 34.
Ree2 Ne5 35. Rd4 Kg7 36. Ra4 Re7 37. Rd2 Rb7+ 38. Rb4 Rxb4+ 39. Kxb4 Rb8+ 40. Kc5
Rxb2 41. Rxb2 Nd3+ 42. Kc6 Nxb2 43. a4 Kf6 44. a5 Ke5 45. Kb7 a6 46. Kxa6 Nc4 47.
Kb5 Nxa5 48. Kxa5 f5 49. Kb4 fxe4 50. Ne2 e3 51. Kc3 Ke4 52. Ng1 g5 53. Kc2 g4 54.
Kd1 Kd3 55. Ke1 h5 56. Ne2 h4 57. Ng1 g3 58. h3 g2 59. Nf3 Ke4 60. Ke2 Kf4 61. Ng1
Ke4 62. Nf3 Ke5  1/2-1/2

[Event "28. Offene Internationale Bayerische Schachmeisterschaft"]
[Site "Gmund am Tegernsee"]
[Date "2025.11.01"]
[Round "1"]
[Board "6"]
[White "Tillmann, Markus"]
[Black "Pultinevicius, Paulius"]
[Result "0-1"]
[WhiteElo "2112"]
[BlackElo "2542"]
[PlyCount "0"]
[EventDate "2025.11.01"]
[EventRounds "9"]
[EventCountry "GER"]

1. d4 Nf6 2. Nf3 e6 3. g3 b5 4. Bg2 d5 5. O-O Nbd7 6. Qd3 c6 7. a4 b4 8. a5 Rb8 9.
c4 Ba6 10. b3 c5 11. Bf4 Rc8 12. Nbd2 Be7 13. Rfd1 O-O 14. e4 cxd4 15. exd5 Nxd5
16. Be5 Nc3 17. Bxd4 Nxd1 18. Rxd1 Nc5 19. Qe3 Bb7 20. Ra1 Qc7 21. Be5 Qd7 22. Bf1
f6 23. Bb2 e5 24. Be2 Rfd8 25. Rd1 Qc6 26. h3 Ne6 27. Kh2 Bc5  0-1

[Event "28. Offene Internationale Bayerische Schachmeisterschaft"]
[Site "Gmund am Tegernsee"]
[Date "2025.11.01"]
[Round "1"]
[Board "7"]
[White "Horvath, Dominik"]
[Black "Braeutigam, Alexander"]
[Result "1/2-1/2"]
[WhiteElo "2541"]
[BlackElo "2110"]
[PlyCount "0"]
[EventDate "2025.11.01"]
[EventRounds "9"]
[EventCountry "GER"]

1. d4 Nf6 2. c4 e6 3. Nf3 d5 4. Nc3 c6 5. e3 Be7 6. Qc2 O-O 7. b3 b6 8. Bb2 Bb7 9.
Bd3 h6 10. Rg1 c5 11. cxd5 cxd4 12. Nxd4 Nxd5 13. Nxd5 Qxd5 14. O-O-O Rc8 15. Bc4
Qe4 16. f3 Qxe3+ 17. Kb1 Nc6 18. Rge1 Nxd4 19. Bxd4 Qg5 20. Qb2 Bf6 21. Bxf6 Qxf6
22. Qxf6 gxf6 23. Rd7 Bc6 24. Rd6 Kf8 25. Bxe6 fxe6 26. Rexe6 Be8 27. Rxf6+ Kg7 28.
Rxh6 Rc7 29. Rhe6 Rac8 30. Kb2 b5 31. Rd2  1/2-1/2

[Event "28. Offene Internationale Bayerische Schachmeisterschaft"]
[Site "Gmund am Tegernsee"]
[Date "2025.11.01"]
[Round "1"]
[Board "8"]
[White "Krauseneck, Peter"]
[Black "Visakh, N R"]
[Result "0-1"]
[WhiteElo "2110"]
[BlackElo "2540"]
[PlyCount "0"]
[EventDate "2025.11.01"]
[EventRounds "9"]
[EventCountry "GER"]

1. e4 e5 2. f4 exf4 3. Bc4 Nf6 4. Nc3 Nc6 5. d4 Bb4 6. Qd3 Qe7 7. e5 d6 8. Bxf4 dxe5
9. Kf1 Bxc3 10. bxc3 exf4 11. Re1 Be6 12. Nh3 O-O-O 13. Nxf4 Bxc4 14. Qxc4 Qd6 15.
g3 Nd5  0-1

[Event "28. Offene Internationale Bayerische Schachmeisterschaft"]
[Site "Gmund am Tegernsee"]
[Date "2025.11.01"]
[Round "1"]
[Board "9"]
[White "Gopal, G.N."]
[Black "Fuchs, Florian"]
[Result "1-0"]
[WhiteElo "2539"]
[BlackElo "2109"]
[PlyCount "0"]
[EventDate "2025.11.01"]
[EventRounds "9"]
[EventCountry "GER"]

1. e4 c5 2. Nf3 e6 3. d4 cxd4 4. Nxd4 Nf6 5. Nc3 Nc6 6. a3 Be7 7. Be3 O-O 8. Be2
d6 9. Qd3 e5 10. Nb3 Be6 11. Nd5 Nd7 12. O-O-O Rc8 13. Kb1 Bg5 14. h4 Bxe3 15. Qxe3
Ne7 16. g4 Bxd5 17. exd5 Nb6 18. Qe4 Ng6 19. Bd3 f5 20. gxf5 Nf4 21. f6 Nxd3 22.
fxg7 Rxf2 23. Qxd3 Rcxc2 24. Nd2 Rc7 25. Ne4 Rg2 26. Ng5 Rxg7 27. Ne6 Qf6 28. Rhf1
Rf2 29. Nxg7 Rxf1 30. Rxf1 Qxg7 31. Qf5 Qg6 32. Qxg6+ hxg6 33. Rf6 Nxd5 34. Rxg6+
Kf7 35. Rxd6 Nf6 36. Rd8 Kg6 37. Ra8 a6 38. Ra7 Kh5 39. Rxb7 Kxh4 40. Kc2 e4 41.
Kd2 Ng4 42. Re7 e3+ 43. Rxe3 Nxe3 44. Kxe3  1-0

[Event "28. Offene Internationale Bayerische Schachmeisterschaft"]
[Site "Gmund am Tegernsee"]
[Date "2025.11.01"]
[Round "1"]
[Board "10"]
[White "Kutzner, Stephen"]
[Black "Dragnev, Valentin"]
[Result "1/2-1/2"]
[WhiteElo "2109"]
[BlackElo "2537"]
[PlyCount "0"]
[EventDate "2025.11.01"]
[EventRounds "9"]
[EventCountry "GER"]

1. d4 Nf6 2. c4 g6 3. Nc3 Bg7 4. e4 d6 5. Nf3 Bg4 6. Be2 Bxf3 7. Bxf3 e5 8. d5 h5
9. b4 a5 10. Qa4+ Nbd7 11. bxa5 Kf8 12. Qb5 Nc5 13. Be3 Nfd7 14. O-O Bh6 15. Bxh6+
Rxh6 16. Rad1 Kg7 17. g3 h4 18. Bg2 hxg3 19. fxg3 Qg5 20. Rf3 Rf8 21. Qb2 f5 22.
exf5 gxf5 23. Rdf1 Kg8 24. Qf2 Qh5 25. h3 Rhf6 26. g4 fxg4 27. hxg4 Qg5 28. Qe2 Rf4
29. Rxf4 exf4 30. Ne4 Nxe4 31. Qxe4 Ne5 32. Bf3 Kg7 33. Rf2 Qh4 34. Kf1 Qg3 35. c5
Qh3+ 36. Ke2 Re8 37. Kd1 Qg3 38. Rf1 dxc5 39. d6 cxd6 40. Qxb7+ Kf8 41. Rh1 Nf7 42.
a6 Qf2 43. a7 Qd4+ 44. Kc2 Qc4+ 45. Kb1 Qd3+ 46. Ka1 Qc3+ 47. Kb1 Qd3+ 48. Ka1  1/2-1/2

[Event "28. Offene Internationale Bayerische Schachmeisterschaft"]
[Site "Gmund am Tegernsee"]
[Date "2025.11.01"]
[Round "1"]
[Board "11"]
[White "Sasikiran, Krishnan"]
[Black "Salzmann, Peter"]
[Result "1-0"]
[WhiteElo "2535"]
[BlackElo "2108"]
[PlyCount "0"]
[EventDate "2025.11.01"]
[EventRounds "9"]
[EventCountry "GER"]

1. e4 e5 2. Nf3 Nc6 3. Bb5 d6 4. O-O Bd7 5. c3 Nf6 6. Re1 Be7 7. d4 O-O 8. Ba4 a6
9. h3 exd4 10. cxd4 d5 11. e5 Ne8 12. Nc3 Be6 13. Ne2 b5 14. Bb3 Na5 15. Bc2 g6 16.
Qd2 Nc4 17. Qh6 f5 18. b3 Nb6 19. Ng5 Bxg5 20. Bxg5 Qd7 21. Nf4 Rf7 22. h4 Ng7 23.
Re3 Qe8 24. h5 Nxh5 25. Nxh5 gxh5 26. Bf6  1-0

[Event "28. Offene Internationale Bayerische Schachmeisterschaft"]
[Site "Gmund am Tegernsee"]
[Date "2025.11.01"]
[Round "1"]
[Board "12"]
[White "Kastek, Thomas"]
[Black "Hardaway, Brewington"]
[Result "0-1"]
[WhiteElo "2106"]
[BlackElo "2522"]
[PlyCount "0"]
[EventDate "2025.11.01"]
[EventRounds "9"]
[EventCountry "GER"]

1. d4 Nf6 2. Nf3 d5 3. c3 Bf5 4. Qb3 Qc8 5. c4 e6 6. Nc3 c6 7. Bf4 Nbd7 8. Rc1 Be7
9. cxd5 Nxd5 10. Nxd5 exd5 11. e3 a5 12. Bd3 Bb4+ 13. Ke2 Bxd3+ 14. Qxd3 O-O 15.
Rhd1 Nf6 16. Kf1 Nh5 17. Bg3 Re8 18. Qe2 Nxg3+ 19. hxg3 g6 20. Ne5 Bd6 21. Nd3 h5
22. Nc5 Kg7 23. Rd3 Rb8 24. Rb3 Re7 25. Qf3 f5 26. Nd3 Qe8 27. Nc5 Qf7 28. Ke2 Rh8
29. Kd2 g5 30. Nd3 g4 31. Qe2 h4 32. gxh4 Rxh4 33. g3 Rh2 34. Rg1 Qf6 35. Rc3 Re4
36. Rcc1 Qh6 37. Qf1 Qxe3+  0-1

[Event "28. Offene Internationale Bayerische Schachmeisterschaft"]
[Site "Gmund am Tegernsee"]
[Date "2025.11.01"]
[Round "1"]
[Board "13"]
[White "Vrolijk, Liam"]
[Black "Gohla, Ulf"]
[Result "1-0"]
[WhiteElo "2521"]
[BlackElo "2097"]
[PlyCount "0"]
[EventDate "2025.11.01"]
[EventRounds "9"]
[EventCountry "GER"]

1. c4 e5 2. Nc3 Nf6 3. Nf3 Nc6 4. d3 d5 5. cxd5 Nxd5 6. g3 Be7 7. Bg2 Nb6 8. O-O
O-O 9. a3 Be6 10. Be3 Nd5 11. Nxd5 Bxd5 12. Rc1 f6 13. Qa4 a6 14. b4 Qd7 15. Nd2
Bxg2 16. Kxg2 Rfd8 17. Qb3+ Qd5+ 18. f3 Rac8 19. Rc4 Rd7 20. Rfc1 Qf7 21. R4c2 Qxb3
22. Nxb3 Kf7 23. Rc4 Nd8 24. f4 exf4 25. gxf4 g6 26. f5 gxf5 27. Rh4 Kg8 28. Nd4
Bf8 29. Nxf5 Ne6 30. Rg1 Kh8 31. Kf3 Re8 32. Rhg4 Bd6 33. h4  1-0

[Event "28. Offene Internationale Bayerische Schachmeisterschaft"]
[Site "Gmund am Tegernsee"]
[Date "2025.11.01"]
[Round "1"]
[Board "14"]
[White "Reinhard, Simon"]
[Black "Ghazarian, Kirk"]
[Result "0-1"]
[WhiteElo "2097"]
[BlackElo "2520"]
[PlyCount "0"]
[EventDate "2025.11.01"]
[EventRounds "9"]
[EventCountry "GER"]

1. Nf3 Nf6 2. c4 b6 3. d4 Bb7 4. Nc3 g6 5. d5 Bg7 6. e4 d6 7. h3 O-O 8. Bd3 e6 9.
O-O Nbd7 10. Be3 c6 11. Bc2 cxd5 12. cxd5 exd5 13. exd5 Re8 14. Qd2 Rc8 15. Ba4 a6
16. Bxd7 Nxd7 17. Bg5 Qc7 18. Rac1 Qc4 19. Bh6 Bh8 20. Rfe1 Nf6 21. b3 Qb4 22. Rxe8+
Nxe8 23. Qe3 Bxc3 24. Qe7 Nc7 25. Ng5 Bxd5 26. Qd7 Re8 27. Qxc7 Bg7 28. Qe7 Qb5 29.
Qxd6 Bxh6 30. Rd1 Bxg5 31. Rxd5 Bf4  0-1

[Event "28. Offene Internationale Bayerische Schachmeisterschaft"]
[Site "Gmund am Tegernsee"]
[Date "2025.11.01"]
[Round "1"]
[Board "15"]
[White "Gholami Orimi, Mahdi"]
[Black "Heinatz, Gundula"]
[Result "1-0"]
[WhiteElo "2513"]
[BlackElo "2096"]
[PlyCount "0"]
[EventDate "2025.11.01"]
[EventRounds "9"]
[EventCountry "GER"]

1. d4 d5 2. c4 c6 3. Nf3 Nf6 4. e3 Bf5 5. Nc3 e6 6. Nh4 Be4 7. f3 Bg6 8. Bd2 Be7
9. Nxg6 hxg6 10. Qc2 Nbd7 11. O-O-O Qc7 12. cxd5 exd5 13. e4 O-O-O 14. e5 Nh7 15.
f4 Nhf8 16. g4 Ne6 17. Be3 g5 18. f5 Nf4 19. h4 f6 20. Bxf4 gxf4 21. e6 Nb6 22. Kb1
Kb8 23. Bd3 a6 24. Rc1 f3 25. Qf2 Nc4 26. Bxc4 dxc4 27. Qxf3 Rxd4 28. Ne2 Rd2 29.
Rhd1 Rhd8 30. Rxd2 Rxd2 31. Qe3 Rd3 32. Qf4 b5 33. Qxc7+ Kxc7 34. Nf4 Rd4 35. Ng6
Kd8 36. Kc2 Ke8 37. Rg1 Bb4 38. Rg2 a5 39. g5 Be7 40. Rh2 b4 41. h5 fxg5 42. h6 gxh6
43. Rxh6 Bf6 44. Rh7 b3+ 45. axb3 cxb3+ 46. Kxb3 Rb4+ 47. Kc2 Rxb2+ 48. Kd3 Rb3+
49. Ke2 Rb2+ 50. Kf3 Rb3+ 51. Kg4 Rb4+ 52. Kh5 Rb1 53. Rf7 Rh1+ 54. Kg4 Rg1+ 55.
Kh3  1-0

[Event "28. Offene Internationale Bayerische Schachmeisterschaft"]
[Site "Gmund am Tegernsee"]
[Date "2025.11.01"]
[Round "1"]
[Board "16"]
[White "Wenner, Tobias"]
[Black "Chasin, Nico"]
[Result "0-1"]
[WhiteElo "2096"]
[BlackElo "2512"]
[PlyCount "0"]
[EventDate "2025.11.01"]
[EventRounds "9"]
[EventCountry "GER"]

1. Nf3 c5 2. e4 Nc6 3. Bb5 e6 4. Bxc6 bxc6 5. O-O Qc7 6. e5 f6 7. Re1 Ne7 8. b3 fxe5
9. Nxe5 d6 10. Nf3 e5 11. h3 Ng6 12. c3 Be7 13. d4 cxd4 14. cxd4 exd4 15. Nxd4 O-O
16. Nc3 d5 17. Ne6 Bxe6 18. Rxe6 Bf6 19. Qc2 Bd4 20. Re2 Rxf2 21. Nb1  0-1

[Event "28. Offene Internationale Bayerische Schachmeisterschaft"]
[Site "Gmund am Tegernsee"]
[Date "2025.11.01"]
[Round "1"]
[Board "17"]
[White "Gokerkan, Cem Kaan"]
[Black "Steinhauer, Artur"]
[Result "1-0"]
[WhiteElo "2502"]
[BlackElo "2094"]
[PlyCount "0"]
[EventDate "2025.11.01"]
[EventRounds "9"]
[EventCountry "GER"]

1. d4 e6 2. e4 d5 3. e5 c5 4. c3 Nc6 5. Nf3 Bd7 6. Be2 Nge7 7. Na3 cxd4 8. cxd4 Nf5
9. Nc2 Be7 10. O-O O-O 11. Bd3 f6 12. Bf4 Be8 13. Bxf5 exf5 14. exf6 Bxf6 15. Qd2
Bh5 16. Ne5 Na5 17. Nd7 Qxd7 18. Qxa5 Rfe8 19. Rfe1 Re4 20. Rxe4 dxe4 21. Ne3 b5
22. Rc1 g5 23. Be5 Bxe5 24. dxe5 f4 25. Nf1 Be2 26. Qa6 Re8 27. h4 Bxf1 28. Rxf1
Re6 29. Qa3 Rxe5 30. hxg5 Rxg5 31. Qb3+ Kg7 32. Qc3+ Kg6 33. Rc1 f3 34. Qc6+ Qxc6
35. Rxc6+ Kf5 36. g3 h5 37. Kf1 h4 38. gxh4 Rh5  1-0

[Event "28. Offene Internationale Bayerische Schachmeisterschaft"]
[Site "Gmund am Tegernsee"]
[Date "2025.11.01"]
[Round "1"]
[Board "18"]
[White "Lindam, Ingo"]
[Black "Celik, Hasan Huseyin"]
[Result "0-1"]
[WhiteElo "2093"]
[BlackElo "2494"]
[PlyCount "0"]
[EventDate "2025.11.01"]
[EventRounds "9"]
[EventCountry "GER"]

1. Nf3 d5 2. g3 Nf6 3. Bg2 Bf5 4. O-O e6 5. c4 c6 6. Qb3 Qb6 7. d3 h6 8. cxd5 Qxb3
9. axb3 exd5 10. Bd2 Be7 11. Nd4 Bh7 12. b4 O-O 13. b5 Bc5 14. bxc6 bxc6 15. Nb3
Bb6 16. Rc1 Re8 17. Bf3 Bf5 18. Ba5 Nbd7 19. Bxb6 axb6 20. Rxa8 Rxa8 21. Nd4 Bg4
22. Bxg4 Nxg4 23. Nxc6 Ra2 24. Ne7+ Kh7 25. Nxd5 Rxb2 26. Nbc3 Ngf6 27. Kf1 Rb3 28.
Kg2 Rb2 29. Nxf6+ Nxf6 30. Kf3 h5 31. Rb1 Rc2 32. Na4 Nd7 33. Rb5 f6 34. h3 Nc5 35.
Nxb6 Kg6 36. h4 Ne6 37. Rb4  0-1

[Event "28. Offene Internationale Bayerische Schachmeisterschaft"]
[Site "Gmund am Tegernsee"]
[Date "2025.11.01"]
[Round "1"]
[Board "19"]
[White "Nigmatov, Ortik"]
[Black "Ronsin, Corentin"]
[Result "1-0"]
[WhiteElo "2493"]
[BlackElo "2093"]
[PlyCount "0"]
[EventDate "2025.11.01"]
[EventRounds "9"]
[EventCountry "GER"]

1. d4 Nf6 2. Bg5 Ne4 3. h4 c5 4. Nd2 Nxg5 5. d5 g6 6. hxg5 d6 7. e4 Bg7 8. c3 Nd7
9. Ngf3 h6 10. Bc4 a6 11. a4 b6 12. Qe2 Bb7 13. Kf1 hxg5 14. Rxh8+ Bxh8 15. Nxg5
b5 16. Bb3 Bf6 17. Nh7 Bg7 18. Ng5 Qb6 19. f4 c4 20. Bc2 Rc8 21. Re1 Nc5 22. Qg4
bxa4 23. e5 Nd3 24. Bxd3 cxd3 25. Nxf7 Kxf7 26. Qe6+ Kf8 27. Ne4 d2 28. Nxd2 Qb5+
29. c4 Rxc4 30. Nxc4 Qxc4+ 31. Kg1 Qd4+ 32. Kh1 Qxf4 33. Kg1 Qd4+ 34. Kf1 Bxe5 35.
Re2 Bxd5  1-0

[Event "28. Offene Internationale Bayerische Schachmeisterschaft"]
[Site "Gmund am Tegernsee"]
[Date "2025.11.01"]
[Round "1"]
[Board "20"]
[White "Kyparissopoulos, Spyridon"]
[Black "Chanda, Sandipan"]
[Result "0-1"]
[WhiteElo "2092"]
[BlackElo "2483"]
[PlyCount "0"]
[EventDate "2025.11.01"]
[EventRounds "9"]
[EventCountry "GER"]

1. e4 c5 2. Nf3 d6 3. d4 cxd4 4. Nxd4 Nf6 5. Nc3 Nc6 6. Bg5 e6 7. Qd3 Be7 8. O-O-O
a6 9. f4 Qc7 10. Nxc6 bxc6 11. Be2 a5 12. Qg3 e5 13. fxe5 dxe5 14. Rhf1 Be6 15. Bh4
Kf8 16. Bxf6 Bxf6 17. Bg4 Bxg4 18. Qxg4 Ke7 19. Qf5 h6 20. h4 Rhf8 21. Rd5 Rfd8 22.
Rxd8 Rxd8 23. Qf2 Rd4 24. g3 Kf8 25. Qe3 Qa7 26. Qf3 Qd7 27. Ne2 Rd6 28. Qa3 Qc7
29. Qc5 Be7 30. Qc4 Rf6 31. Rxf6 Bxf6 32. Kb1 Qb6 33. Nc1 Be7 34. a4 Bd6 35. Nb3
h5 36. Qc3 Bc7 37. Nc5 Kg8 38. Nd7 Qa6 39. b3 Bd6 40. Qd2 Bc7 41. Qg5 Qf1+ 42. Kb2
Bd6  0-1

[Event "28. Offene Internationale Bayerische Schachmeisterschaft"]
[Site "Gmund am Tegernsee"]
[Date "2025.11.01"]
[Round "1"]
[Board "21"]
[White "Ioannidis, Evgenios"]
[Black "Schultz, Andreas"]
[Result "1-0"]
[WhiteElo "2479"]
[BlackElo "2092"]
[PlyCount "0"]
[EventDate "2025.11.01"]
[EventRounds "9"]
[EventCountry "GER"]

1. d4 d5 2. c4 e6 3. Nc3 Nf6 4. cxd5 exd5 5. Bg5 Be7 6. e3 c6 7. Bd3 Nbd7 8. h3 h6
9. Bf4 O-O 10. Nf3 Re8 11. O-O Nf8 12. Qc2 Bd6 13. Ne5 Qe7 14. Bg3 N6d7 15. f4 f6
16. Bh4 g5 17. fxg5 hxg5 18. Ng4 gxh4 19. Bg6 Kg7 20. Bxe8 Qxe8 21. e4 Qg6 22. Qe2
Ne6 23. Rad1 Nf4 24. Qe3 Qg5 25. Ne2 Ne6 26. exd5 Qxe3+ 27. Nxe3  1-0

[Event "28. Offene Internationale Bayerische Schachmeisterschaft"]
[Site "Gmund am Tegernsee"]
[Date "2025.11.01"]
[Round "1"]
[Board "22"]
[White "Kick, Joachim"]
[Black "Naumann, Alexander"]
[Result "0-1"]
[WhiteElo "2087"]
[BlackElo "2473"]
[PlyCount "0"]
[EventDate "2025.11.01"]
[EventRounds "9"]
[EventCountry "GER"]

1. Nf3 Nf6 2. c4 e6 3. Nc3 d5 4. d4 c6 5. e3 Nbd7 6. Qc2 Bd6 7. Bd3 dxc4 8. Bxc4
b5 9. Bd3 Bb7 10. O-O O-O 11. a3 a5 12. e4 e5 13. dxe5 Nxe5 14. Nxe5 Bxe5 15. h3
Re8 16. Be3 Bd4 17. Bxd4 Qxd4 18. Ne2 Qb6 19. b4 Nd7 20. Rab1 Ne5 21. Ng3 Bc8 22.
Be2 Be6 23. Kh2 axb4 24. axb4 f6 25. Nf5 Ra2 26. Rb2 Rea8 27. Rxa2 Rxa2 28. Qd1 Qc7
29. Kg1 Rb2 30. Nd4 Bf7 31. f4 Ng6 32. Qc1 Rxb4 33. Nxc6 Rxe4 34. Bf3 Rxf4 35. Rd1
h6  0-1

[Event "28. Offene Internationale Bayerische Schachmeisterschaft"]
[Site "Gmund am Tegernsee"]
[Date "2025.11.01"]
[Round "1"]
[Board "23"]
[White "Stocek, Jiri"]
[Black "Juergens, Klaus"]
[Result "1-0"]
[WhiteElo "2471"]
[BlackElo "2086"]
[PlyCount "0"]
[EventDate "2025.11.01"]
[EventRounds "9"]
[EventCountry "GER"]

1. d4 f5 2. c4 Nf6 3. Nc3 d6 4. Bg5 e6 5. e4 fxe4 6. Bxf6 Qxf6 7. Nxe4 Qf4 8. Bd3
Be7 9. h4 Nc6 10. Ne2 Qf8 11. Ng5 Bxg5 12. hxg5 g6 13. b4 e5 14. b5 Nxd4 15. Nxd4
exd4 16. O-O Bf5 17. Re1+ Kd7 18. Bxf5+ Qxf5 19. Qxd4 Raf8 20. Qxa7 b6 21. Re7+  1-0

[Event "28. Offene Internationale Bayerische Schachmeisterschaft"]
[Site "Gmund am Tegernsee"]
[Date "2025.11.01"]
[Round "1"]
[Board "24"]
[White "Babar, Michael"]
[Black "Zelbel, Patrick"]
[Result "0-1"]
[WhiteElo "2085"]
[BlackElo "2465"]
[PlyCount "0"]
[EventDate "2025.11.01"]
[EventRounds "9"]
[EventCountry "GER"]

1. d4 Nf6 2. Nf3 g6 3. Nbd2 d5 4. e3 Bg7 5. Bd3 c5 6. c3 Qc7 7. O-O O-O 8. Ne5 Ne8
9. f4 Nd6 10. Qe2 f6 11. Nef3 cxd4 12. exd4 Nc6 13. Re1 Bd7 14. Nf1 e6 15. Ng3 Rae8
16. Qc2 b5 17. b3 Rc8 18. Ba3 Rf7 19. Qd2 Bh6 20. Rad1 a5 21. Bc1 Ne7 22. Ne2 Ne4
23. Qc2 Qb7 24. Qb2 Qb6 25. Bxe4 dxe4 26. Nd2 Bc6 27. Nf1 Nd5 28. Qb1 Re7 29. Kh1
Bb7 30. Qb2 Qc6 31. Be3 e5 32. dxe5 fxe5 33. Rxd5 Qxd5 34. fxe5 Bxe3 35. Nxe3 Qxe5
36. Nd4 Rf8 37. Qe2 b4 38. Qc4+ Kh8 39. cxb4 Rc8  0-1

[Event "28. Offene Internationale Bayerische Schachmeisterschaft"]
[Site "Gmund am Tegernsee"]
[Date "2025.11.01"]
[Round "1"]
[Board "25"]
[White "Kuru, Atilla"]
[Black "Joel, Paul Ganta"]
[Result "1-0"]
[WhiteElo "2435"]
[BlackElo "2085"]
[PlyCount "0"]
[EventDate "2025.11.01"]
[EventRounds "9"]
[EventCountry "GER"]

1. e4 c5 2. Nc3 d6 3. d4 cxd4 4. Qxd4 Nc6 5. Qd2 Nf6 6. b3 e6 7. Bb2 d5 8. exd5 exd5
9. O-O-O Be6 10. Bb5 a6 11. Bxc6+ bxc6 12. Nge2 Bb4 13. a3 Be7 14. f3 O-O 15. g4
Nd7 16. Nd4 Rc8 17. Kb1 Kh8 18. Rhe1 Bf6 19. Nxe6 fxe6 20. Rxe6 Ne5 21. Qe2 Ng6 22.
Qxa6 Qc7 23. Ree1 Bh4 24. Rf1 Qxh2 25. Ne2 Qc7 26. Nd4 Nf4 27. Rh1 Bf6 28. Rhe1 g6
29. Re6 Nxe6 30. Nxe6 Qd7 31. Nxf8 Rxf8 32. Bxf6+ Rxf6 33. Qd3 Qe7 34. Qc3 Kg8 35.
a4 Re6 36. a5 Qa3 37. Rd4 Qd6 38. a6 c5 39. a7 Re8 40. Ra4 Ra8 41. Ra5 c4 42. Qd4
cxb3 43. cxb3 Qd7 44. Rxd5 Qe7 45. Rd7  1-0